Personalidades históricas y famosos - M - Estadísticas

Estadísticas generales
  • Esta prueba ha sido intentada 210 veces
  • La puntuación promedio es 21 de 37
Estadísticas de respuestas
Descripción Respuesta % Correcto
Conocido por haber jugado de delantero durante muchos años en el Futbol Club Barcelona y haberse convertido en uno de los mejores jugadores de todos los tiempos. Lionel Messi
93%
Actriz, cantante y modelo estadounidense famosa por ser uno de los símbolos sexuales más populares del siglo XIX. Marilyn Monroe
93%
Arquitecto, pintor y escultor del Renacimiento que pintó la Capilla Sixtina. Michelangelo
93%
Reconocido cómo uno de los músicos clásicos más influyentes de la historia. Este compositor escribió su primera sinfonía con tan solo ocho años. Wolfgang Amadeus Mozart
93%
Dictador fascista italiano que se alió con Hitler durante la Segunda Guerra Mundial. Benito Mussolini
92%
Este futbolista argentino acostumbra a ser catalogado como uno de los mejores jugadores de la historia. Diego Armando Maradona
92%
Fundador del islam. Mahoma
91%
Cantante de la banda de la banda de rock Queen. Freddie Mercury
89%
Filósofo alemán considerado el padre del comunismo moderno gracias a sus conocidas obras cómo "Manifiesto comunista" y "El capital". Karl Marx
86%
A esta cantante se la suele considerar como "la reina del pop". Madonna
85%
Este empresario, fundador de Tesla y SpaceX, es de las personas más ricas de la actualidad. Elon Musk
82%
Primer presidente negro sudafricano. Fue elegido por primera vez con un sufragio universal en su país y abolió el sistema racista del "apartheid". Nelson Mandela
82%
Actual presidente de Venezuela y para muchos es considerado como un dictador corrupto. Nicolás Maduro
80%
Músico y cantante más reconocido del género reggae. Bob Marley
79%
Profeta más importante del judaísmo. Separó las aguas del Mar Rojo para conducir el pueblo hebreo hacía Israel. Moisés
79%
Desde el año 2005 hasta el 2021 fue la canciller de Alemania. Angela Merkel
74%
Piloto de motociclismo español que ha ganado ocho títulos del Campeonato del Mundo en la última década. Marc Márquez
69%
Pintor francés y uno de los máximos representantes del impresionismo. Claude Monet
67%
Comerciante veneciano de la Edad Media que viajó por la Ruta de la Seda hasta llegar a la China. Marco Polo
62%
Político y militar romano del siglo I aC. Se alió con Julio César, mantuvo relaciones amorosas con Cleopatra y finalmente fue derrotado por Augusto. Marco Antonio
57%
Famoso por ser el bajista y uno de los cantantes de la banda de rock The Beatles. Paul McCartney
57%
Poeta español, representante de la generación del 98, que murió en el exilio a causa de la Guerra Civil Española. Antonio Machado
48%
Este científico del siglo XIX es considerado cómo "el padre de la genética" gracias a sus experimentos con semillas. Gregor Mendel
45%
Ingeniero italiano que suele ser señalado como el inventor de la radio. Guillermo Marconi
39%
Fue presidente de Uruguay entre el 2010 y el 2015. Es conocido por su humilde pensamiento y forma de vida. José Mujica
36%
Boxeador profesional estadounidense que ha logrado un invicto de 50 victorias en 50 combates. Floyd Mayweather
30%
Filósofo y escritor italiano, considerado el padre de la ciencia política y una figura muy relevante del Renacimiento. Nicolás Maquiavelo
30%
Dramaturgo francés del siglo XVII, considerado como uno de los mejores escritores de obras de teatro en toda la historia. Molière
28%
Químico ruso que creó la tabla periódica de los elementos. Dmitri Mendeléiev
27%
Escritor estadounidense del siglo XIX conocido por obras cómo "Taipi" y "Moby Dick". Herman Melville
20%
Ciclista belga retirado y considerado por muchos como el mejor de todos los tiempos. Eddy Merckx
15%
Fue dictador de Zimbabue entre los años 1987 y 2017. Robert Mugabe
12%
Es el primer ministro de la India desde el año 2014. Narendra Modi
8%
Rey del Ponto durante los siglos I y II aC que se convirtió en uno de los enemigos más exitosos de Roma. Mitrídates VI
7%
Líder religioso persa, influenciado por el cristianismo, el budismo y el zoroastrismo, que se convirtió en uno de los personajes más influyentes de la historia. Mani
5%
Filósofo chino y de los más importantes seguidores del confucianismo. Mencio
5%
También conocido cómo Vardhamana, este personaje de la India fue el fundador del jainismo. Mahavira
4%
No se encontraron pruebas coincidentes
Distribución de puntuación
Porcentaje de gente con cada puntuación
Porcentaje por número respondido
Historial de tus puntuaciones
No has intentado esta prueba.